AAA Minor League Baseball Teams - Statistics

General Stats
  • This quiz has been taken 17 times
  • The average score is 16 of 30
Answer Stats
Answer % Correct
LeHigh Valley IronPigs
75%
Las Vegas Aviators
67%
Salt Lake Bees
67%
Tacoma Rainiers
67%
Albuquerque Isotopes
58%
Durham Bulls
58%
Iowa Cubs
58%
Memphis Redbirds
58%
Round Rock Express
58%
Scranton/Wilkes-Barre RailRiders
58%
Sugar Land Space Cowboys
58%
Syracuse Mets
58%
Buffalo Bisons
50%
Charlotte Knights
50%
Columbus Clippers
50%
El Paso Chihuahuas
50%
Gwinnett Stripers
50%
Jacksonville Jumbo Shrimp
50%
Louisville Bats
50%
Nashville Sounds
50%
Norfolk Tides
50%
Reno Aces
50%
Rochester Red Wings
50%
Toledo Mud Hens
50%
Indianapolis Indians
42%
Oklahoma City Dodgers
42%
Omaha Storm Chasers
42%
Sacramento River Cats
42%
Worcester Red Sox
42%
St Paul Saints
33%
No matching quizzes found
Score Distribution
Percent of People with Each Score
Percentile by Number Answered
Your Score History
You have not taken this quiz